00982cam a2200277 a 450000100100000000500170001000800410002702500170006803500190008503500180010404000360012204200120015808200200017010000390019024500460022926001150027530000200039049000170041065000340042765000350046183000250049691000330052104900090055495201240056399900170068700001875420200929165843.0720509s1968 es 000 p spa d aLACAP70-5018 a(DLC) 76594406 a(OCoLC)304864 aDO-SdBNPcOUdOCoLCdDLCdBNPHU apremarc aES861.44bC387n1 aCea, José Roberto,d1939-93383210aNáufrago genuino /cJosé Roberto Cea. aSan Salvador :bMinisterio de Educación,bDirección General de Cultura, Direccion de Publicaciones,c1968. a97 p. ;c21 cm.1 aPoesíav26 4aPoesía salvadoreña912306 4aLiteratura salvadoreña92929 0aPoesía ;v2691183 aCatalogación derivada / LC aBNGR 001054708MOaGRbGRcCTd2010-05-14iLF1l0oES861.44 C387np18754-10r2020-06-25w2020-06-25y4ZPréstamo en sala c18274d18274